00868nam a2200181 a 450000100060000000300090000600800410001504000280005608200180008410000220010211000700012424500400019426000390023430000080027350000620028150502930034365000500063614482CO-ViMGA141112s2004 ck r 000 u spa d aCO-ViMGAbspacCO-ViMGA04aFr338.1 C676c1 aGarcia G., Emilio aCorporacion Colombiana de Investigación Agropecuaria Regional 810aLa cuestion agraria en la Orinoquia aVillavicencio : bCorpoica, c1999 a159 aEn : La cuestion agraria en la Orinoquia.; Fr 338.1 C676c aLa economía agrícola del siglo XX Economía campesina Medio ambiente y colonización en el Meta La pobreza rural La concentración de la tierra en el Meta El mercado internacional y las frutas de la Orinoquia La política económica y el sector agropecuario de la Orinoquia 141 14aAGRICULTURA - ASPECTOS ECONOMICOS - ORINOQUIA